000 01001cam a2200349 4500
999 _c60959
_d60959
001 1116290324
003 DE-627
005 20201116105906.0
007 tu
008 950703s1935 xx ||||| 00| ||ger c
035 _a(DE-627)1116290324
035 _a(DE-576)04629032X
035 _a(DE-599)BSZ04629032X
035 _a(OCoLC)06726278
035 _a(OCoLC)238804191
035 _a(DE-604)8059604956
040 _aDE-627
_bger
_cDE-627
_erakwb
_dSTAFF
041 _ager
082 0 _a729.43
082 0 _a720.943
084 _aLK 79000
_2rvk
_0(DE-625)rvk/98230:
100 1 _aScheffler, Karl
_d1869-1951
_0(DE-588)118754262
_0(DE-627)079534481
_0(DE-576)209409177
_4aut
245 1 0 _aDeutsche Baumeister
_cKarl Scheffler
264 1 _aBerlin
_bCassirer
_c1935
300 _a234 S.
_bIll.
336 _aText
_btxt
_2rdacontent
337 _aohne Hilfsmittel zu benutzen
_bn
_2rdamedia
338 _aBand
_bnc
_2rdacarrier
951 _aBO
942 _2z
_cBK